000 01354nam a2200253 a 4500
008 080417s2006 ||||||||||||||||| || u
020 _a9211514096
050 _aUN-ESA(058)
110 _aUnited Nations Economic and Social Affairs (UNESA)
245 1 0 _aWorld population prospects: the 2004 revision
_cby United Nations Economic and Social Affairs [UN-ESA]
246 _asex and age distribution of the world population
260 _aNew York:
_bUNITED NATIONS
_c2006
300 _aci, 195p.: ill.
350 _a0.00
362 1 _a<p>Vol. I Comprehensive Tables; Vol. II Sex and Age Distribution of the World Population; Vol. III Analytical Report</p>
650 _aSEX DISTRIBUTION (DEMOGRAPHY)
650 _aPOPULATION--ANALYTICAL REPORT
650 0 _aAGE DISTRIBUTION (DEMOGRAPHY)
650 0 _aPOPULATION
650 0 _aAFRICA--ECONOMIC CONDITIONS
995 _aSPECIAL COLLECTIONS
_e565
_FCBU-MAIN LIBRARY (Kitwe)
_I0.00
_jUN-ESA(058)WPP/2004C
_M3
_UAVAILABLE
_WMar 5, 2013
_yB565
_ZInternational Publications
995 _aSPECIAL COLLECTIONS
_D0.00
_e52442
_FCBU-MAIN LIBRARY (Kitwe)
_H1
_I0.00
_jUN-ESA(058)WPP/2004B
_M2
_UAVAILABLE
_WJul 31, 2006
_y52442
_ZInternational Publications
995 _aSPECIAL COLLECTIONS
_D0.00
_e52753
_FCBU-MAIN LIBRARY (Kitwe)
_H1
_I0.00
_jUN-ESA(058)WPP/2004A
_M1
_UAVAILABLE
_WOct 25, 2006
_y52753
_ZInternational Publications
999 _c83262
_d83262